Reichste Länder, die jemals kommunistisch waren - Statistiken

Allgemein
  • Dieses Quiz wurde 110 mal gespielt
  • Das Durchschnittsergebnis liegt bei 8 aus 10
Antwortstatistiken
BIP/Kopf Land % Korrekt
$47,070 Polen
95%
$43,179 Rumänien
81%
$49,060 Tschechien
81%
$45,692 Ungarn
78%
$41,730 Lettland
76%
$50,475 Litauen
76%
$45,122 Estland
75%
$44,081 Slowakei
75%
$45,702 Kroatien
73%
$53,287 Slowenien
68%
Keine übereinstimmenden Quizze gefunden
Verteilung der Resultate
Anzahl Personen mit jedem Resultat
Perzentil nach korrekt beantworteten Fragen
Ihre Resultats-Entwicklung
Sie haben dieses Quiz noch nicht gespielt